Замах на генсека (Запис № 373892)

МАРК-запис
000 -Лідер
fixed length control field 02565nam a22002657a 4500
001 - Контрольний номер
control field 87621
003 - Ідентифікатор контрольного номера
control field UA-OsUOA
005 - Дата та час останнього входження (трансакції)
control field 20260406115043.0
007 - Фіксоване поле фізичного опису
fixed length control field ta
008 - Елементи даних фіксованої довжини – загальна інформація
fixed length control field 20120920b un ||un a|||| 00| 0 ukrf|ukr d
020 ## - Міжнародний стандартний книжковий номер (ISBN)
Міжнародний стандартний книжковий номер (ISBN) (НП) 5868681061
040 ## - Джерело каталогізації
Агенція оригінальної каталогізації UA-OsUOA
Мова каталогізації ukr
Агенція, яка здійснювала перезапис UA-OsUOA
Агенція, яка здійснювала модифікацію UA-OsUOA
041 ## - Код мови
Код мови тексту/ звукової доріжки чи окремого заголовка (П) ukr
080 ## - Індекс Універсальної десяткової класифікації
Індекс Універсальної десяткової класифікації (УДК) (НП) 821.161.2
090 ## - Локальний шифр розміщення
Класифікаційний індекс УДК 821.161.2
Авторський знак (НП) В83
100 ## - Основне введення – ім’я особи
Ім’я особи (НП) Врублевський В.
9 (RLIN) 24865
245 ## - Відомості про назву
Назва (НП) Замах на генсека
Решта назви (НП) повісті
Дані про відповідальність (НП) Василь Врублевський
260 ## - Публікація, розповсюдження і т.п. (Вихідні дані)
Місце публікації, розповсюдження і т.п. (П) Житомир
Ім’я/ наймення видавництва, розповсюджувача і т.п. (П) КВО "Газета "Житомирський вісник"
Дата публікації, розповсюдження і т.п. (П) 1992
300 ## - Фізичний опис
Обсяг 173 с.
520 ## - Резюме і т.п.
Резюме, реферат, анотація, тощо (НП) Студент Роман Ковальчук несподівано потрапляє у "сферу оперативного інтересу" КДБ. Проти нього фабрикується справа, влаштовуються провокації. Тільки випадок допомагає йому викарабкатися з лещат кегебістів. Про все це читач дізнається з повісті "Замах на генсека".<br/>Герої іншого твору "Вбивство на зупинці" - молоді люди, що належать до різних суспільних прошарків: студенти, учні ПТУ, "вуличниці", офіціантка. Життя в сучасному місті на кожного з них накладає певний, досить часто - негативний відбиток, всі вони так чи інакше стають жертвами "законів підвороття".<br/>У повісті "Акція" автор змальовує ницість та зубожіння "сильних світу" - містечкових князьків, апаратників, кар'єристів.<br/>В центрі повісті "Отаманша" - ватажок селян-повстанців Маруся Соколовська. Дія твору розгортається на тлі громадянської війни, у найтрагічніший для українського народу час, коли більшовики зброєю задушили УНР і на багнетах принесли на Україну "пролетарську революцію".
650 #7 - Додаткове предметне введення – тематичний термін
Тематичний термін чи географічна назва, як елемент введення (НП) 82 Література. Літературознавство
Джерело заголовка чи терміна UDC
9 (RLIN) 15
942 ## - Додаткові елементи входу (Коха)
Тип елемента Koha Книги
Source of classification or shelving scheme Universal Decimal Classification
955 ## - Код типу видання за змістом
Код типу видання за змістом (НП) Літературно-художні видання
Фонди
Стан вилучень Стан втрат Джерело класифікації або схеми стелажів Стан уражень Не для кредиту Постійне місце розташування Поточне розміщення Дата придбання Інвентарний номер Усього замовленно Повний номер виклику Штрих-код Дата останнього перегляду Ціна ефективна від Тип елемента Koha Код колекції Джерело придбання Вартість, звичайна ціна покупки Вартість, ціна заміни Примітка, призначена для загального доступу
    Universal Decimal Classification     АБ - Абонемент НБ АБ - Абонемент НБ 20/09/2012 43553   821.161.2 В83 43553 21/02/2022 20/09/2012 Книги          
    Universal Decimal Classification     АБ - Абонемент НБ АБ - Абонемент НБ 24/03/2026 169681   821.161.2 В83 169681 06/04/2026 06/04/2026 Книги Колекція Шевчука Валерія Акт №14/24.03.2026 15.00 15.00 З автографом автора